00570nam a22002177a 450000500170000001000110001702000220002803500110005003700160006104000120007708200130008910000200010224500540012226000390017627000120021530000250022749000220025250000200027465000220029465000360031620170124110213.0 a923596 c00.00a0283984570 a923596 bCen Lib/Ret aDPLbEN a921bNIX aNixon, Richard  aThe memoirs of richrad nixon /cby Richard Nixon  aLondon bSidgwick & Jackson c1978 bLondon  axi, 1120p.c19cm(Hb) aIncredible india  aIncludes index  aPolitical science z aWatergate Affair (1972-1974)